Pinnock's improved edition of Dr. Goldsmith's History of Rome : (Record no. 245642)
[ view plain ]
| 000 -LEADER | |
|---|---|
| fixed length control field | 01096cam a22002533a 4500 |
| 001 - CONTROL NUMBER | |
| control field | 16387 |
| 003 - CONTROL NUMBER IDENTIFIER | |
| control field | PGUSA |
| 005 - DATE AND TIME OF LATEST TRANSACTION | |
| control field | 20140828083341.0 |
| 008 - FIXED-LENGTH DATA ELEMENTS--GENERAL INFORMATION | |
| fixed length control field | 050729s2005||||xxu|||||s|||||000 | eng d |
| 040 ## - CATALOGING SOURCE | |
| Original cataloging agency | PGUSA |
| Language of cataloging | eng |
| 042 ## - AUTHENTICATION CODE | |
| Authentication code | dc |
| 050 #4 - LIBRARY OF CONGRESS CALL NUMBER | |
| Classification number | DG |
| 100 1# - MAIN ENTRY--PERSONAL NAME | |
| Personal name | Goldsmith, Oliver, |
| Dates associated with a name | -1774 |
| 245 10 - TITLE STATEMENT | |
| Title | Pinnock's improved edition of Dr. Goldsmith's History of Rome : |
| Remainder of title | to which is prefixed an introduction to the study of Roman history, and a great variety of valuable information added throughout the work, on the manners, institutions, and antiquities of the Romans; with numerous biographical and historical notes; and questions for examination at the end of each section. By Wm. C. Taylor. |
| Medium | [electronic resource] / |
| Statement of responsibility, etc | Oliver Goldsmith |
| 260 ## - PUBLICATION, DISTRIBUTION, ETC. (IMPRINT) | |
| Name of publisher, distributor, etc | Project Gutenberg, |
| Date of publication, distribution, etc | 2005 |
| 506 ## - RESTRICTIONS ON ACCESS NOTE | |
| Terms governing access | Public domain in the USA. |
| 516 ## - TYPE OF COMPUTER FILE OR DATA NOTE | |
| Type of computer file or data note | Electronic text |
| 653 ## - INDEX TERM--UNCONTROLLED | |
| Uncontrolled term | Rome -- History |
| 700 1# - ADDED ENTRY--PERSONAL NAME | |
| Personal name | Pinnock, William, |
| Dates associated with a name | 1782-1843 |
| 700 1# - ADDED ENTRY--PERSONAL NAME | |
| Personal name | Taylor, W. C. |
| Fuller form of name | (William Cooke), |
| Dates associated with a name | 1800-1849 |
| 830 #0 - SERIES ADDED ENTRY--UNIFORM TITLE | |
| Uniform title | Project Gutenberg |
| Volume number/sequential designation | 16387 |
| 856 40 - ELECTRONIC LOCATION AND ACCESS | |
| Uniform Resource Identifier | <a href="http://www.gutenberg.org/ebooks/16387">http://www.gutenberg.org/ebooks/16387</a> |
| 942 ## - ADDED ENTRY ELEMENTS (KOHA) | |
| Koha item type | eBooks |
| Withdrawn status | Lost status | Damaged status | Home library | Current library | Date acquired | Total Checkouts | Date last seen | Price effective from | Koha item type |
|---|---|---|---|---|---|---|---|---|---|
| Project Gutenberg | Project Gutenberg | 08/28/2014 | 08/28/2014 | 08/28/2014 | eBooks |